Catálogo
 En Linea

Acción social de la escuela / (Registro nro. 19483)

Detalles MARC
000 -CABECERA
campo de control de longitud fija 00939cam a22002051 4500
001 - NÚMERO DE CONTROL
campo de control 000019970
005 - FECHA Y HORA DE LA ÚLTIMA TRANSACCIÓN
campo de control 20200929170218.0
008 - DATOS DE LONGITUD FIJA--INFORMACIÓN GENERAL
campo de control de longitud fija 090217s1964 cl b 000 0 spa d
010 ## - NÚMERO DE CONTROL DE LA BIBLIOTECA DEL CONGRESO
Número de control de LC 68116536
040 ## - FUENTE DE LA CATALOGACIÓN
Centro catalogador/agencia de origen DO-SdBNP
Lengua de catalogación spa
Centro/agencia transcriptor BNPHU
082 ## - NÚMERO DE LA CLASIFICACIÓN DECIMAL DEWEY
Número de clasificación xxx
Número de documento/Ítem M221
100 1# - ENTRADA PRINCIPAL--NOMBRE DE PERSONA
Nombre de persona Maíllo, Adolfo,
Fechas asociadas al nombre 1901-1995.
9 (RLIN) 42576
245 10 - MENCIÓN DE TÍTULO
Título Acción social de la escuela /
Mención de responsabilidad, etc. Adolfo Maíllo García.
260 ## - PUBLICACIÓN, DISTRIBUCIÓN, ETC.
Lugar de publicación, distribución, etc. Santiago de Chile :
Nombre del editor, distribuidor, etc. Oficina Regional de Educación de la UNESCO,
Fecha de publicación, distribución, etc. 1964.
300 ## - DESCRIPCIÓN FÍSICA
Extensión 100, [2] p. ;
Dimensiones 23 cm.
490 1# - MENCIÓN DE SERIE
Mención de serie Publicaciones del proyecto principal para la extensión y mejoramiento de la educación primaria en la América Latina
-- monografías,
Designación de volumen o secuencia 6
504 ## - NOTA DE BIBLIOGRAFÍA, ETC.
Nota de bibliografía, etc. Incluye referencias bibliográficas y notas al pie de las páginas
650 #0 - PUNTO DE ACCESO ADICIONAL DE MATERIA--TÉRMINO DE MATERIA
Término de materia o nombre geográfico como elemento de entrada Educational sociology.
9 (RLIN) 42577
830 #0 - PUNTO DE ACCESO ADICIONAL DE SERIE-TÍTULO UNIFORME
Título uniforme Publicaciones del proyecto principal para la extensión y mejoramiento de la educación primaria en la América Latina
Nombre de parte o sección de la obra monografías
Designación de volumen o secuencia 6
9 (RLIN) 42578
Existencias
Estado de retiro Estado de pérdida Restricciones de uso No para préstamo Código de colección Localización permanente Ubicación/localización actual Ubicación en estantería Fecha de adquisición Número de inventario Total de préstamos Signatura topográfica completa Código de barras Fecha visto por última vez Precio válido a partir de Tipo de ítem Koha
        Monografías: Libros y Folletos General General En catalogación 09.07.2010 LF1   xxx M221 19970-10 25.06.2020 25.06.2020 Préstamo en sala

Con tecnología Koha